The Victor journey through the Bible / (Record no. 17977)

000 -LEADER
fixed length control field 01065cam a2200277 a 4500
001 - CONTROL NUMBER
control field 4454080
003 - CONTROL NUMBER IDENTIFIER
control field OkBaRHE
005 - DATE AND TIME OF LATEST TRANSACTION
control field 20111104142217.0
008 - FIXED-LENGTH DATA ELEMENTS--GENERAL INFORMATION
fixed length control field 951102s1996 ilua 001 0 eng
010 ## - LIBRARY OF CONGRESS CONTROL NUMBER
LC control number 95048853
020 ## - INTERNATIONAL STANDARD BOOK NUMBER
International Standard Book Number 156476480X
040 ## - CATALOGING SOURCE
Original cataloging agency DLC
Transcribing agency DLC
Modifying agency DLC
050 00 - LIBRARY OF CONGRESS CALL NUMBER
Classification number BS 550.2
Item number .B44 1996
082 00 - DEWEY DECIMAL CLASSIFICATION NUMBER
Classification number 220.6/1
Edition number 20
100 1# - MAIN ENTRY--PERSONAL NAME
Personal name Beers, V. Gilbert
Fuller form of name (Victor Gilbert),
Dates associated with a name 1928-
9 (RLIN) 1681
245 14 - TITLE STATEMENT
Title The Victor journey through the Bible /
Statement of responsibility, etc V. Gilbert Beers.
260 ## - PUBLICATION, DISTRIBUTION, ETC. (IMPRINT)
Place of publication, distribution, etc Wheaton, Ill. :
Name of publisher, distributor, etc Victor Books,
Date of publication, distribution, etc c1996.
300 ## - PHYSICAL DESCRIPTION
Extent 416 p. :
Other physical details col. ill. ;
Dimensions 26 cm.
500 ## - GENERAL NOTE
General note Includes index.
650 #0 - SUBJECT ADDED ENTRY--TOPICAL TERM
Topical term or geographic name as entry element Bible stories, English.
9 (RLIN) 1682
856 42 - ELECTRONIC LOCATION AND ACCESS
Materials specified Contributor biographical information
Uniform Resource Identifier http://www.loc.gov/catdir/enhancements/fy0909/95048853-b.html
856 42 - ELECTRONIC LOCATION AND ACCESS
Materials specified Publisher description
Uniform Resource Identifier http://www.loc.gov/catdir/enhancements/fy0909/95048853-d.html
906 ## - LOCAL DATA ELEMENT F, LDF (RLIN)
a 7
b cbc
c orignew
d 1
e ocip
f 19
g y-gencatlg
942 ## - ADDED ENTRY ELEMENTS (KOHA)
Source of classification or shelving scheme
Koha item type Books
Copies
Shelving location Barcode Koha item type Date acquired Date last seen Copy number Permanent Location Current Location Lost status Withdrawn status Full call number Source of classification or shelving scheme Not for loan Damaged status Price effective from
General Stacks22297Books2011-11-042018-02-161RHEMA Bible Training CollegeRHEMA Bible Training College  BS 550.2 .B44 1996   2011-11-04